Nennen Sie die 10 Länder mit den meisten Inseln? - Statistiken

Allgemein
  • Dieses Quiz wurde 932 mal gespielt
  • Das Durchschnittsergebnis liegt bei 8 aus 11
Antwortstatistiken
Inseln Antworten % Korrekt
17,504 Indonesien
92%
52,455 Kanada
87%
6,852 Japan
84%
239,057 Norwegen
82%
18,617 united states of america
81%
267,570 Schweden
79%
178,947 Finnland
76%
5,000 China
74%
7,641 Philippinen
74%
8,222 Australien
72%
5,000 Chile
46%
Keine übereinstimmenden Quizze gefunden
Verteilung der Resultate
Anzahl Personen mit jedem Resultat
Perzentil nach korrekt beantworteten Fragen
Ihre Resultats-Entwicklung
Sie haben dieses Quiz noch nicht gespielt